European Countries with an 'N' Quiz Stats

 Plays Quiz Updated Sep 12, 2016

Challenge
Share
Tweet
Score 0/28 Timer 03:00
41 Plays Today
% Correct
Spain
97.5%
United Kingdom
97.2%
Norway
97.1%
Finland
96.8%
France
96.7%
Poland
96.6%
Germany
96.4%
Sweden
96%
Netherlands
94.1%
Ukraine
93.6%
Ireland
93.4%
Romania
92.7%
Switzerland
90.4%
Hungary
89.6%
% Correct
Bosnia and Herzegovina
89.6%
Lithuania
89.4%
Iceland
89.4%
Estonia
89.2%
Denmark
89.2%
Albania
84.7%
Macedonia
83.6%
Slovenia
81.6%
Montenegro
80.4%
Andorra
74.5%
San Marino
71.9%
Liechtenstein
62.3%
Vatican City
60.7%
Monaco
58.9%

You're not logged in!

Compare scores with friends on all Sporcle quizzes.
OR
Log In

You Might Also Like...

Show Comments

Extras

Top Quizzes Today


Score Distribution

Your Account Isn't Verified!

In order to create a playlist on Sporcle, you need to verify the email address you used during registration. Go to your Sporcle Settings to finish the process.

Report this User

Report this user for behavior that violates our Community Guidelines.

Details: